[Event "ISR-chT"]
[Site "Israel"]
[Date "2019.02.09"]
[Round "4.2"]
[White "Flom, Gabriel"]
[Black "Alterman, Boris"]
[Result "1/2-1/2"]
[WhiteElo "2467"]
[BlackElo "2605"]
[PlyCount "115"]
[EventDate "2019.01.04"]
[EventType "team-tourn"]
[EventRounds "11"]
[EventCountry "ISR"]
[SourceTitle "CBM 188 Extra"]
[Source "ChessBase"]
[SourceDate "2019.02.28"]
[SourceVersion "1"]
[SourceVersionDate "2019.02.28"]
[SourceQuality "1"]
[WhiteTeam "Petah Tikva Elitzur Dov"]
[BlackTeam "Rishon Le Zion Feldklein"]
[WhiteTeamCountry "ISR"]
[BlackTeamCountry "ISR"]

1. d4 Nf6 2. c4 e6 3. Nc3 Bb4 4. e3 c5 5. Nge2 cxd4 6. exd4 0-0 7. a3 Be7 8. d5 exd5 9. cxd5 Bc5 10. b4 Bd6 11. g3 Be5 12. Bg2 a5 13. b5 d6 14. Be3 Nbd7 15. 0-0 Nc5 16. f4 Bxc3 17. Nxc3 Bf5 18. Bxc5 dxc5 19. Re1 Qb6 20. h3 c4+ 21. Kh2 Bd3 22. Re5 Nd7 23. Re7 Rad8 24. Qe1 h6 25. Qe3 Qxe3 26. Rxe3 Rfe8 27. Rae1 Kf8 28. d6 Rxe3 29. Rxe3 b6 30. Re7 Nf6 31. Rb7 Rxd6 32. Bc6 Bf5 33. Rxb6 Rd3 34. g4 Rxc3 35. gxf5 Rb3 36. Bg2 c3 37. a4 c2 38. Rc6 Rb2 39. Kg3 Ke7 40. Bf3 Kd7 41. Rc5 Kd8 42. Rc6 Ra2 43. Rd6+ Nd7 44. Rc6 Rxa4 45. Rxc2 Ra3 46. Kg2 Rb3 47. Rd2 Ke7 48. Re2+ Kf6 49. Rd2 Nc5 50. Rd6+ Kxf5 51. b6 Kxf4 52. Rd4+ Ke3 53. Rc4 Nd3 54. b7 f5 55. Bd5 Rb2+ 56. Kg1 Rb1+ 57. Kh2 Rb2+ 58. Kg1 1/2-1/2

[Event "ISR-chT"]
[Site "Israel"]
[Date "2018.02.16"]
[Round "7.3"]
[White "Zubov, Alexander"]
[Black "Alterman, Boris"]
[Result "1/2-1/2"]
[WhiteElo "2624"]
[BlackElo "2603"]
[PlyCount "57"]
[EventDate "2018.01.05"]
[EventType "team-tourn"]
[EventRounds "11"]
[EventCountry "ISR"]
[SourceTitle "CBM 182 Extra"]
[Source "ChessBase"]
[SourceDate "2018.02.23"]
[SourceVersion "1"]
[SourceVersionDate "2018.02.23"]
[SourceQuality "1"]
[WhiteTeam "Petah Tikva Elitzur Dov"]
[BlackTeam "Rishon Le Zion Feldklein"]
[WhiteTeamCountry "ISR"]
[BlackTeamCountry "ISR"]

1. d4 Nf6 2. c4 e6 3. Nf3 b6 4. Bf4 Bb7 5. e3 Nh5 6. Bg5 Be7 7. Bxe7 Qxe7 8. Nc3 Nf6 9. d5 d6 10. Be2 0-0 11. 0-0 Nbd7 12. Re1 Nc5 13. Rc1 a5 14. Bf1 Nfe4 15. Nxe4 Nxe4 16. Nd4 Rae8 17. a3 e5 18. Nb5 f5 19. f3 Nf6 20. b4 axb4 21. axb4 Ra8 22. Qd2 Ba6 23. Nc3 Bc8 24. Ra1 Bd7 25. Qb2 Rfc8 26. Rxa8 Rxa8 27. Ra1 Qd8 28. Ra3 c6 29. dxc6 1/2-1/2

[Event "ISR-chT"]
[Site "Israel"]
[Date "2015.03.20"]
[Round "7.4"]
[White "Alterman, Boris"]
[Black "Alekseev, Evgeny V"]
[Result "1/2-1/2"]
[WhiteElo "2587"]
[BlackElo "2679"]
[PlyCount "58"]
[EventDate "2015.01.09"]
[EventType "team-tourn"]
[EventRounds "11"]
[EventCountry "ISR"]
[SourceTitle "EXT 2016"]
[Source "ChessBase"]
[SourceDate "2015.10.08"]
[SourceVersion "1"]
[SourceVersionDate "2015.10.08"]
[SourceQuality "1"]
[WhiteTeam "Rishon Le Zion Feldklein"]
[BlackTeam "Beer Sheva"]
[WhiteTeamCountry "ISR"]
[BlackTeamCountry "ISR"]

1. Nf3 c5 2. g3 Nc6 3. Bg2 g6 4. d4 cxd4 5. Nxd4 Bg7 6. Nb3 d6 7. 0-0 Be6 8. e4 Qd7 9. Re1 Bh3 10. N1d2 Bxg2 11. Kxg2 Nf6 12. Nf3 0-0 13. c3 Rac8 14. h3 Qc7 15. Bg5 Nd7 16. Qe2 Rfe8 17. Rad1 a6 18. Nbd4 Nce5 19. Nxe5 Nxe5 20. a3 Nc4 21. h4 Qc5 22. Bc1 h5 23. Nc2 Ne5 24. Nb4 a5 25. Nd5 e6 26. Nf4 Qc6 27. f3 b5 28. Nd3 Nc4 29. Nf2 Ne5 1/2-1/2

[Event "ISR-chT 13"]
[Site "Israel"]
[Date "2013.02.01"]
[Round "9.1"]
[White "Godena, Michele"]
[Black "Alterman, Boris"]
[Result "1/2-1/2"]
[WhiteElo "2516"]
[BlackElo "2584"]
[PlyCount "47"]
[EventDate "2012.12.21"]
[EventType "team"]
[EventRounds "11"]
[EventCountry "ISR"]
[SourceTitle "EXT 2014"]
[Source "ChessBase"]
[SourceDate "2013.11.20"]
[SourceVersion "1"]
[SourceVersionDate "2013.11.20"]
[SourceQuality "1"]

1. e4 c5 2. c3 Nf6 3. e5 Nd5 4. Nf3 Nc6 5. d4 cxd4 6. cxd4 d6 7. Bc4 Nb6 8. Bb5 dxe5 9. Nxe5 Bd7 10. Nxd7 Qxd7 11. Nc3 e6 12. 0-0 Be7 13. Qg4 0-0 14. Bxc6 bxc6 15. Bh6 Bf6 16. Rfd1 Kh8 17. Ne4 Qd8 18. Bg5 Bxg5 19. Nxg5 h6 20. Nf3 Qd5 21. Rdc1 Nd7 22. Qf4 Kg8 23. Qe3 a5 24. Rc2 1/2-1/2

[Event "EU-Cup 28th"]
[Site "Eilat"]
[Date "2012.10.16"]
[Round "6.1"]
[White "Burg, Twan"]
[Black "Alterman, Boris"]
[Result "1/2-1/2"]
[WhiteElo "2502"]
[BlackElo "2584"]
[PlyCount "81"]
[EventDate "2012.10.11"]
[EventType "team-swiss"]
[EventRounds "7"]
[EventCountry "ISR"]
[SourceTitle "CBM 151"]
[Source "ChessBase"]
[SourceDate "2012.11.13"]
[SourceVersion "1"]
[SourceVersionDate "2012.11.13"]
[SourceQuality "1"]
[WhiteTeam "Amay"]
[BlackTeam "Rishon Le Zion"]
[WhiteTeamCountry "BEL"]
[BlackTeamCountry "ISR"]

1. e4 c5 2. Nf3 Nc6 3. d4 cxd4 4. Nxd4 g6 5. Nc3 Bg7 6. Be3 Nf6 7. Bc4 0-0 8. Bb3 d6 9. f3 Bd7 10. Qd2 Nxd4 11. Bxd4 b5 12. a4 bxa4 13. Bxa4 Be6 14. 0-0 Qc7 15. Bb5 Rfb8 16. Ra6 Bc8 17. Ra4 Bd7 18. Bxd7 Nxd7 19. Nd5 Bxd4+ 20. Rxd4 Qd8 21. b3 Rc8 22. Ra1 Nb6 23. Kh1 Qf8 24. h3 Nxd5 25. Rxd5 Qg7 26. Rda5 Rc7 27. R1a2 Qf6 28. Qe3 h5 29. c4 h4 30. Rxa7 Raxa7 31. Rxa7 Rxa7 32. Qxa7 Qc3 33. Qb6 g5 34. Qd8+ Kg7 35. Qxe7 Qe1+ 36. Kh2 Qg3+ 37. Kh1 Qe1+ 38. Kh2 Qg3+ 39. Kh1 Qe1+ 40. Kh2 Qg3+ 41. Kh1 1/2-1/2

[Event "EU-Cup 28th"]
[Site "Eilat"]
[Date "2012.10.15"]
[Round "5.1"]
[White "Alterman, Boris"]
[Black "Leko, Peter"]
[Result "0-1"]
[WhiteElo "2584"]
[BlackElo "2734"]
[PlyCount "131"]
[EventDate "2012.10.11"]
[EventType "team-swiss"]
[EventRounds "7"]
[EventCountry "ISR"]
[SourceTitle "CBM 151"]
[Source "ChessBase"]
[SourceDate "2012.11.13"]
[SourceVersion "1"]
[SourceVersionDate "2012.11.13"]
[SourceQuality "1"]
[WhiteTeam "Rishon Le Zion"]
[BlackTeam "SHSM-64"]
[WhiteTeamCountry "ISR"]
[BlackTeamCountry "RUS"]

1. Nf3 c5 2. c4 Nc6 3. g3 g6 4. Bg2 Bg7 5. Nc3 e6 6. 0-0 Nge7 7. d3 0-0 8. a3 b6 9. Rb1 Bb7 10. Bg5 h6 11. Bd2 d6 12. b4 Qd7 13. e3 g5 14. Ne2 Ng6 15. Bc3 e5 16. Ne1 f5 17. Bd5+ Kh7 18. d4 cxd4 19. exd4 Nce7 20. Bxb7 Qxb7 21. Rc1 Rac8 22. dxe5 dxe5 23. Bb2 Rc7 24. Qb3 Qc8 25. f4 gxf4 26. gxf4 Nc6 27. Ng2 e4 28. Rfd1 Qe6 29. Bxg7 Rxg7 30. Ng3 Rc7 31. Qb2 Qf6 32. Qxf6 Rxf6 33. Nh5 Re6 34. Ne3 Nh4 35. Kf2 Ne7 36. Rd8 Kg6 37. Ng3 Nc6 38. Rd5 Ne7 39. Rd8 Nc6 40. Rd2 Nf3 41. Rdd1 Ncd4 42. h3 a5 43. b5 Rf7 44. Ne2 Nb3 45. Nd5 Nxc1 46. Rxc1 Rd6 47. Ke3 Rfd7 48. Rd1 Kf7 49. Nec3 Nh4 50. Rg1 Ng6 51. Rf1 Ne7 52. Rd1 Rg6 53. Kd4 Ke6 54. h4 h5 55. Ke3 Rg3+ 56. Ke2 Nc8 57. a4 Nd6 58. c5 bxc5 59. b6 Rg2+ 60. Kf1 Rdg7 61. Nc7+ Kd7 62. Ne2 Kc6 63. Ne6 R7g6 64. Nf8 Rg8 65. Ne6 Nc4 66. Rc1 0-1

[Event "ISR-chT 1112"]
[Site "Israel"]
[Date "2012.02.03"]
[Round "7.1"]
[White "Alterman, Boris"]
[Black "Khmelniker, Ilya"]
[Result "1/2-1/2"]
[WhiteElo "2570"]
[BlackElo "2523"]
[PlyCount "25"]
[EventDate "2011.12.16"]
[EventType "team-tourn"]
[EventRounds "11"]
[EventCountry "ISR"]
[SourceTitle "EXT 2013"]
[Source "ChessBase"]
[SourceDate "2012.11.22"]
[SourceVersion "1"]
[SourceVersionDate "2012.11.22"]
[SourceQuality "1"]

1. Nf3 Nf6 2. c4 g6 3. Nc3 d5 4. cxd5 Nxd5 5. g3 Bg7 6. Bg2 0-0 7. 0-0 Nc6 8. a3 Bf5 9. Ng5 Nxc3 10. bxc3 Rb8 11. h3 Na5 12. d4 e5 13. e4 1/2-1/2

[Event "ISR-chT 1112"]
[Site "Israel"]
[Date "2012.01.06"]
[Round "5.1"]
[White "Roiz, Michael"]
[Black "Alterman, Boris"]
[Result "1/2-1/2"]
[WhiteElo "2651"]
[BlackElo "2570"]
[PlyCount "43"]
[EventDate "2011.12.16"]
[EventType "team-tourn"]
[EventRounds "11"]
[EventCountry "ISR"]
[SourceTitle "EXT 2013"]
[Source "ChessBase"]
[SourceDate "2012.11.22"]
[SourceVersion "1"]
[SourceVersionDate "2012.11.22"]
[SourceQuality "1"]

1. Nf3 c5 2. e4 d6 3. d4 cxd4 4. Qxd4 Nc6 5. Bb5 Bd7 6. Qd3 g6 7. c4 Bg7 8. 0-0 Nf6 9. Nc3 0-0 10. h3 a6 11. Bxc6 Bxc6 12. Be3 Qa5 13. Nd4 Rfc8 14. a3 Nd7 15. Rac1 Nc5 16. Qb1 Bxd4 17. Bxd4 Nb3 18. Rcd1 Nxd4 19. Rxd4 b5 20. cxb5 Bxb5 21. Rc1 Bc4 22. Nd5 1/2-1/2

[Event "ISR-chT 1112"]
[Site "Israel"]
[Date "2011.12.16"]
[Round "1.1"]
[White "Alterman, Boris"]
[Black "Sveshnikov, Evgeny"]
[Result "1-0"]
[WhiteElo "2570"]
[BlackElo "2514"]
[PlyCount "129"]
[EventDate "2011.12.16"]
[EventType "team-tourn"]
[EventRounds "11"]
[EventCountry "ISR"]
[SourceTitle "EXT 2013"]
[Source "ChessBase"]
[SourceDate "2012.11.22"]
[SourceVersion "1"]
[SourceVersionDate "2012.11.22"]
[SourceQuality "1"]

1. c4 e6 2. Nc3 d5 3. d4 c6 4. e3 Bd6 5. Qc2 f5 6. Bd3 Nf6 7. Nge2 0-0 8. f3 Na6 9. a3 dxc4 10. Bxc4 b5 11. Bd3 b4 12. Bxa6 Bxa6 13. axb4 Qb6 14. Bd2 Nd5 15. Nxd5 cxd5 16. Kf2 Rfc8 17. Bc3 Bxb4 18. Qd2 Bxe2 19. Bxb4 Bb5 20. Bc5 Qc7 21. b4 Rd8 22. h4 Rd7 23. h5 h6 24. Rh3 Rf7 25. Kg1 a6 26. Qe1 Re8 27. Qh4 Qd8 28. Qf4 Qc7 29. Kf2 Qxf4 30. exf4 Rc8 31. Ke3 Rf6 32. g4 g5 33. hxg6 Rxg6 34. g5 Rc7 35. Rah1 Rh7 36. Bd6 Kf7 37. Be5 Bc4 38. Kf2 Bb5 39. gxh6 Bc4 40. Bg7 Rgxg7 41. hxg7 Rxh3 42. Rxh3 Kxg7 43. Kg3 Bb5 44. Rh2 Kg6 45. Kh4 Bf1 46. Rf2 Bb5 47. Rg2+ Kh6 48. Rg8 Kh7 49. Ra8 Kg6 50. Rb8 Be2 51. Rg8+ Kf6 52. Rg2 Bb5 53. Kh5 Bf1 54. Rg6+ Ke7 55. Rg1 Be2 56. Rg3 Kf6 57. Kh6 Bd1 58. Rg6+ Ke7 59. Rg2 Kd7 60. Ra2 Kc6 61. Rxa6+ Kb5 62. Rxe6 Bxf3 63. Kg5 Be4 64. Kf6 Kxb4 65. Rc6 1-0

[Event "ISR-chT 1011"]
[Site "Israel"]
[Date "2011.06.10"]
[Round "11.1"]
[White "Haimovich, Tal"]
[Black "Alterman, Boris"]
[Result "1/2-1/2"]
[WhiteElo "2416"]
[BlackElo "2570"]
[PlyCount "158"]
[EventDate "2010.12.24"]
[EventType "team-tourn"]
[EventRounds "11"]
[EventCountry "ISR"]
[SourceTitle "EXT 2012"]
[Source "ChessBase"]
[SourceDate "2011.11.24"]
[SourceVersion "1"]
[SourceVersionDate "2011.11.24"]
[SourceQuality "1"]
[WhiteTeam "Herzliya"]
[BlackTeam "Rishon Le Zion Feldklein"]
[WhiteTeamCountry "ISR"]
[BlackTeamCountry "ISR"]

1. Nf3 c5 2. c4 Nc6 3. Nc3 Nd4 4. e3 Nxf3+ 5. Qxf3 g6 6. b3 Bg7 7. Bb2 d6 8. Be2 e5 9. g4 h5 10. h3 Ne7 11. 0-0-0 Nc6 12. Qg2 h4 13. Bf3 Bd7 14. Nb5 0-0 15. Kb1 Qe7 16. Nc7 Rab8 17. Nd5 Qd8 18. g5 Be6 19. Rhg1 Re8 20. Be4 a5 21. Nf6+ Bxf6 22. gxf6 Qxf6 23. f4 Bf5 24. d3 Ne7 25. fxe5 dxe5 26. Rdf1 Bxe4 27. Qxe4 Qe6 28. Bxe5 Nc6 29. Bxb8 Qxe4 30. dxe4 Rxb8 31. Rg4 Rd8 32. Rxh4 Ne5 33. Rhf4 a4 34. Kc2 axb3+ 35. axb3 Ra8 36. R4f2 Kg7 37. Kc3 Rh8 38. Rh1 g5 39. Rg2 f6 40. Rd2 Rh4 41. Rd5 b6 42. Rd6 g4 43. Rd2 Kf7 44. Rg2 Ke7 45. Rg3 Ke6 46. Rh2 Nf3 47. Rf2 Ng5 48. Rf4 Rxh3 49. Rxh3 gxh3 50. Rh4 Kd6 51. Kd3 Ke6 52. Rh8 Kd6 53. Ke2 Ke6 54. Rb8 Kd7 55. Kf1 Kc7 56. Rh8 Kd6 57. Rd8+ Kc7 58. Re8 Kd7 59. Rb8 Kc7 60. Rf8 Nxe4 61. Kg1 Nd2 62. Rf7+ Kc6 63. Rxf6+ Kc7 64. Kh2 Nxb3 65. Kxh3 Na5 66. Rf4 b5 67. cxb5 Kb6 68. Kg4 c4 69. e4 Kxb5 70. e5 Nc6 71. e6 c3 72. Rf1 Kc4 73. Kf4 c2 74. Ke4 Kc3 75. Ke3 Ne7 76. Rh1 Nd5+ 77. Ke4 Ne7 78. Ke3 Nd5+ 79. Kf3 Kb2 1/2-1/2

[Event "ISR-chT 1011"]
[Site "Israel"]
[Date "2011.06.03"]
[Round "9.1"]
[White "Roiz, Michael"]
[Black "Alterman, Boris"]
[Result "1/2-1/2"]
[WhiteElo "2649"]
[BlackElo "2570"]
[PlyCount "53"]
[EventDate "2010.12.24"]
[EventType "team-tourn"]
[EventRounds "11"]
[EventCountry "ISR"]
[SourceTitle "EXT 2012"]
[Source "ChessBase"]
[SourceDate "2011.11.24"]
[SourceVersion "1"]
[SourceVersionDate "2011.11.24"]
[SourceQuality "1"]
[WhiteTeam "Beer Sheva"]
[BlackTeam "Rishon Le Zion Feldklein"]
[WhiteTeamCountry "ISR"]
[BlackTeamCountry "ISR"]

1. d4 Nf6 2. c4 c5 3. d5 b5 4. cxb5 a6 5. bxa6 g6 6. Nc3 Bxa6 7. g3 d6 8. Nf3 Bg7 9. Bg2 Nbd7 10. Rb1 0-0 11. 0-0 Qa5 12. Bd2 Rfb8 13. Qc2 Qc7 14. b3 Nb6 15. Nh4 Bb7 16. e4 Ba6 17. Rfd1 Ng4 18. Nf3 Ne5 19. Nxe5 Bxe5 20. a4 Rb7 21. Rdc1 Qd7 22. Bf1 Bxf1 23. Kxf1 c4 24. b4 Bxc3 25. Qxc3 Rxa4 26. Ra1 Rba7 27. Rxa4 1/2-1/2

[Event "ISR-chT 1011"]
[Site "Israel"]
[Date "2011.03.11"]
[Round "5.1"]
[White "Alterman, Boris"]
[Black "Khenkin, Igor"]
[Result "1/2-1/2"]
[WhiteElo "2570"]
[BlackElo "2618"]
[PlyCount "20"]
[EventDate "2010.12.24"]
[EventType "team-tourn"]
[EventRounds "11"]
[EventCountry "ISR"]
[SourceTitle "EXT 2012"]
[Source "ChessBase"]
[SourceDate "2011.11.24"]
[SourceVersion "1"]
[SourceVersionDate "2011.11.24"]
[SourceQuality "1"]
[WhiteTeam "Rishon Le Zion Feldklein"]
[BlackTeam "Netanya"]
[WhiteTeamCountry "ISR"]
[BlackTeamCountry "ISR"]

1. c4 c6 2. e4 d5 3. cxd5 cxd5 4. exd5 Nf6 5. Nc3 Nxd5 6. Nf3 Nc6 7. Bb5 e6 8. 0-0 Be7 9. d4 0-0 10. Re1 Qd6 1/2-1/2

[Event "ISR-chT"]
[Site "Israel"]
[Date "2010.04.16"]
[Round "5.1"]
[White "Rozentalis, Eduardas"]
[Black "Alterman, Boris"]
[Result "1/2-1/2"]
[WhiteElo "2623"]
[BlackElo "2580"]
[PlyCount "71"]
[EventDate "2010.01.29"]
[EventType "team"]
[EventRounds "11"]
[EventCountry "ISR"]
[SourceTitle "EXT 2011"]
[Source "ChessBase"]
[SourceDate "2010.11.26"]
[SourceVersion "1"]
[SourceVersionDate "2010.11.26"]
[SourceQuality "1"]
[WhiteTeam "Kefar Sava Hapoel"]
[BlackTeam "Rishon Le Zion Feldklein"]
[WhiteTeamCountry "ISR"]
[BlackTeamCountry "ISR"]

1. e4 c5 2. Nf3 d6 3. Bb5+ Bd7 4. Bxd7+ Qxd7 5. c4 Nc6 6. d4 cxd4 7. Nxd4 Nf6 8. Nc3 Qg4 9. 0-0 Qxd1 10. Rxd1 Rc8 11. Nde2 g6 12. f3 Bg7 13. b3 Nd7 14. Be3 0-0 15. Rac1 b6 16. Nd5 Rfd8 17. Nec3 e6 18. Nf4 Nc5 19. Nfe2 a6 20. Rd2 Rd7 21. Rcd1 Bf8 22. Bf4 Rcd8 23. Bg5 Rc8 24. h3 h6 25. Bf4 Rcd8 26. g4 Kg7 27. Kg2 Be7 28. Be3 Rb7 29. Nd4 Rc8 30. Nxc6 Rxc6 31. Bf4 b5 32. Bxd6 bxc4 33. Bxe7 Rxe7 34. bxc4 Nb7 35. Rd7 Rxd7 36. Rxd7 1/2-1/2

[Event "ISR-chT"]
[Site "Israel"]
[Date "2005.01.14"]
[Round "2.1"]
[White "Psakhis, Lev"]
[Black "Alterman, Boris"]
[Result "1-0"]
[WhiteElo "2545"]
[BlackElo "2548"]
[PlyCount "79"]
[EventDate "2005.01.08"]
[EventType "team-tourn"]
[EventRounds "11"]
[EventCountry "ISR"]
[SourceTitle "CBM 107"]
[Source "ChessBase"]
[SourceDate "2005.08.01"]
[SourceVersion "1"]
[SourceVersionDate "2005.08.01"]
[SourceQuality "1"]

1. e4 e5 2. Nf3 Nf6 3. d4 Nxe4 4. Bd3 d5 5. Nxe5 Nd7 6. Nxd7 Bxd7 7. 0-0 Bd6 8. c4 c6 9. cxd5 cxd5 10. Nc3 Nxc3 11. bxc3 0-0 12. Qh5 g6 13. Qxd5 Qc7 14. Qf3 Qxc3 15. Bh6 Rfe8 16. Qf6 Bf8 17. Bxf8 Rxf8 18. Be4 Rab8 19. h4 Rfe8 20. Bf3 Qa5 21. d5 Rbc8 22. Rfc1 Qb6 23. Qf4 h5 24. Rcb1 Qa6 25. d6 Bc6 26. Bd5 Rf8 27. Bb3 Qd3 28. Re1 Kg7 29. Qe5+ Kh7 30. Rad1 Qf5 31. Qxf5 gxf5 32. d7 Rcd8 33. Re7 Rg8 34. g3 Rg7 35. Bxf7 f4 36. Kh2 fxg3+ 37. fxg3 a5 38. Rd6 a4 39. a3 Bf3 40. Re8 1-0

[Event "ISR-chT"]
[Site "Israel"]
[Date "2003.03.28"]
[Round "8"]
[White "Psakhis, Lev"]
[Black "Alterman, Boris"]
[Result "1/2-1/2"]
[WhiteElo "2582"]
[BlackElo "2555"]
[PlyCount "64"]
[EventDate "2003.01.??"]
[EventType "team-tourn"]
[EventRounds "11"]
[EventCountry "ISR"]
[SourceTitle "EXT 2004"]
[Source "ChessBase"]
[SourceDate "2003.11.25"]
[SourceVersion "1"]
[SourceVersionDate "2003.11.25"]
[SourceQuality "1"]

1. d4 d5 2. c4 c6 3. Nc3 Nf6 4. e3 e6 5. Nf3 Nbd7 6. Qc2 Bd6 7. Bd3 dxc4 8. Bxc4 0-0 9. 0-0 a6 10. Rd1 c5 11. dxc5 Bxc5 12. Be2 Qc7 13. Bd2 b5 14. a4 b4 15. Ne4 Nxe4 16. Qxe4 Bb7 17. Qh4 a5 18. Rac1 Rac8 19. Be1 Nf6 20. Nd2 Qb8 21. Bf3 Bxf3 22. Nxf3 Be7 23. Qg3 Qa8 24. Qe5 Ne4 25. Qb5 Rc5 26. Rxc5 Nxc5 27. Nd4 Rb8 28. Qc4 Nxa4 29. Ra1 Rc8 30. Qa2 Nb6 31. Qxa5 Qxa5 32. Rxa5 h6 1/2-1/2

[Event "ISR-chT"]
[Site "Israel"]
[Date "2002.03.15"]
[Round "7"]
[White "Bar, Roman"]
[Black "Alterman, Boris"]
[Result "1/2-1/2"]
[WhiteElo "2418"]
[BlackElo "2565"]
[PlyCount "44"]
[EventDate "2002.01.10"]
[EventType "team-tourn"]
[EventRounds "11"]
[EventCountry "ISR"]
[SourceTitle "EXT 2003"]
[Source "ChessBase"]
[SourceDate "2002.11.25"]
[SourceVersion "1"]
[SourceVersionDate "2002.11.25"]
[SourceQuality "1"]

1. e4 c5 2. Nf3 d6 3. d4 cxd4 4. Nxd4 Nf6 5. f3 Nc6 6. c4 Qb6 7. Nc2 g6 8. Nc3 Bg7 9. Qd3 Nd7 10. Nd5 Qd8 11. Be2 Nc5 12. Qd1 f5 13. exf5 Bxf5 14. 0-0 0-0 15. Re1 Bxc2 16. Qxc2 e6 17. Nc3 Qh4 18. g3 Qh3 19. Be3 Bd4 20. Qd2 e5 21. Nb5 Ne6 22. Bd3 a6 1/2-1/2

[Event "ISR-chT"]
[Site "Ramat Aviv"]
[Date "2000.05.12"]
[Round "11.1"]
[White "Alterman, Boris"]
[Black "Zifroni, Dov"]
[Result "1/2-1/2"]
[WhiteElo "2561"]
[BlackElo "2531"]
[PlyCount "38"]
[EventDate "2000.01.14"]
[EventType "team-tourn"]
[EventRounds "11"]
[EventCountry "ISR"]
[SourceTitle "CBM 077"]
[Source "ChessBase"]
[SourceDate "2000.07.27"]
[SourceVersion "1"]
[SourceVersionDate "2000.07.27"]
[SourceQuality "1"]
[WhiteTeam "Rishon Le Zion Kasparov"]
[BlackTeam "Herzliya"]
[WhiteTeamCountry "ISR"]
[BlackTeamCountry "ISR"]

1. d4 d5 2. Nf3 Nf6 3. c4 e6 4. Bg5 dxc4 5. Qa4+ Nbd7 6. Nc3 c5 7. 0-0-0 cxd4 8. Nxd4 Be7 9. e3 0-0 10. Qxc4 a6 11. Qb3 Qa5 12. Bxf6 Nxf6 13. Kb1 e5 14. Nf3 Bf5+ 15. Ka1 Rac8 16. Bc4 Nd7 17. Nd5 Bd8 18. Rc1 Be6 19. e4 b5 1/2-1/2

[Event "ISR-chT"]
[Site "Ramat Aviv"]
[Date "2000.04.28"]
[Round "9.2"]
[White "Shachar, Ehud"]
[Black "Alterman, Boris"]
[Result "0-1"]
[WhiteElo "2371"]
[BlackElo "2561"]
[PlyCount "106"]
[EventDate "2000.01.14"]
[EventType "team-tourn"]
[EventRounds "11"]
[EventCountry "ISR"]
[SourceTitle "CBM 077"]
[Source "ChessBase"]
[SourceDate "2000.07.27"]
[SourceVersion "1"]
[SourceVersionDate "2000.07.27"]
[SourceQuality "1"]
[WhiteTeam "Kfar Saba"]
[BlackTeam "Rishon Le Zion Kasparov"]
[WhiteTeamCountry "ISR"]
[BlackTeamCountry "ISR"]

1. e4 c5 2. Nf3 d6 3. d3 Nc6 4. g3 g6 5. Bg2 Bg7 6. 0-0 Nf6 7. Nc3 0-0 8. Nh4 Nd4 9. f4 Bg4 10. Qd2 Bd7 11. h3 Bc6 12. Qf2 b5 13. Be3 Nd7 14. Rae1 b4 15. Nd5 Bxd5 16. exd5 Qa5 17. Bc1 Rae8 18. Be3 Qxa2 19. c3 bxc3 20. bxc3 Qxf2+ 21. Rxf2 Nb5 22. c4 Nc3 23. Rc2 Nb6 24. Nf3 Nca4 25. d4 Rc8 26. Bf1 Rfe8 27. Ra2 cxd4 28. Bxd4 Rc7 29. Rea1 Nc5 30. Rxa7 Bxd4+ 31. Nxd4 Rxa7 32. Rxa7 Kf8 33. h4 Ne4 34. Rb7 Na4 35. Kg2 Ra8 36. Nc6 Nac5 37. Rb8+ Rxb8 38. Nxb8 Ke8 39. Nc6 Kd7 40. Nb4 Kc7 41. Be2 Nc3 42. Bf3 Kb6 43. Nc6 Nd3 44. Nxe7 Kc5 45. f5 Ne5 46. fxg6 fxg6 47. h5 g5 48. Kf2 Kxc4 49. Ke3 Kc5 50. Ng8 Nd7 51. h6 Kc4 52. Ne7 Nf6 53. Nc6 Ncxd5+ 0-1

[Event "ISR-chT"]
[Site "Ramat Aviv"]
[Date "2000.03.24"]
[Round "7.1"]
[White "Boim, Inon"]
[Black "Alterman, Boris"]
[Result "0-1"]
[WhiteElo "2424"]
[BlackElo "2561"]
[PlyCount "72"]
[EventDate "2000.01.14"]
[EventType "team-tourn"]
[EventRounds "11"]
[EventCountry "ISR"]
[SourceTitle "CBM 077"]
[Source "ChessBase"]
[SourceDate "2000.07.27"]
[SourceVersion "1"]
[SourceVersionDate "2000.07.27"]
[SourceQuality "1"]
[WhiteTeam "Petah Tikva Hapoel"]
[BlackTeam "Rishon Le Zion Kasparov"]
[WhiteTeamCountry "ISR"]
[BlackTeamCountry "ISR"]

1. e4 c5 2. Nf3 d6 3. Bb5+ Nc6 4. 0-0 Bd7 5. Re1 a6 6. Bf1 g6 7. c3 Bg7 8. d3 e5 9. Be3 Nge7 10. a4 0-0 11. Na3 Qc7 12. g3 f5 13. exf5 Nxf5 14. Ng5 Kh8 15. Bg2 h6 16. Ne4 b6 17. Qb3 Na5 18. Qa2 Rae8 19. b4 cxb4 20. cxb4 Be6 21. Qb2 Nb3 22. Rab1 Nbd4 23. Rbc1 Qd7 24. b5 d5 25. Nc3 a5 26. Bd2 Qf7 27. f4 exf4 28. Bxf4 Nh4 29. Rf1 g5 30. Bd6 Nhf3+ 31. Kh1 Qh5 32. Bxf3 Rxf3 33. Rfe1 Qf7 34. Kg2 Rxd3 35. Rf1 Qd7 36. Bc7 Bh3+ 0-1

[Event "ISR-chT"]
[Site "Ramat Aviv"]
[Date "2000.03.03"]
[Round "4.1"]
[White "Alterman, Boris"]
[Black "Kreizberg, Michael"]
[Result "1-0"]
[WhiteElo "2561"]
[BlackElo "2239"]
[PlyCount "127"]
[EventDate "2000.01.14"]
[EventType "team-tourn"]
[EventRounds "11"]
[EventCountry "ISR"]
[SourceTitle "CBM 077"]
[Source "ChessBase"]
[SourceDate "2000.07.27"]
[SourceVersion "1"]
[SourceVersionDate "2000.07.27"]
[SourceQuality "1"]
[WhiteTeam "Rishon Le Zion Kasparov"]
[BlackTeam "Jerusalem Elitzur II"]
[WhiteTeamCountry "ISR"]
[BlackTeamCountry "ISR"]

1. c4 g6 2. Nf3 Bg7 3. Nc3 c5 4. e3 Nf6 5. d4 0-0 6. Be2 d5 7. 0-0 Nc6 8. dxc5 dxc4 9. Bxc4 Qa5 10. Nb5 Ne4 11. Nfd4 Nxc5 12. Bd2 Qb6 13. a4 Ne4 14. a5 Qc5 15. Rc1 Qg5 16. Be1 Bg4 17. f4 Qh5 18. Be2 Bxe2 19. Qxe2 Qxe2 20. Nxe2 Bxb2 21. Rc2 Bf6 22. a6 Rab8 23. axb7 Rxb7 24. Rxc6 Rxb5 25. Ra6 Rb7 26. Ng3 Nc5 27. Rc6 Rb5 28. Bf2 Rd8 29. e4 Bd4 30. Rc7 Ne6 31. Rxe7 Kf8 32. Rxa7 Bxa7 33. Bxa7 Ra8 34. Be3 Ra3 35. Re1 Rbb3 36. Bc1 Ra2 37. f5 Nd4 38. Be3 Ne2+ 39. Rxe2 Rxe2 40. Bh6+ Ke7 41. Nxe2 Kf6 42. fxg6 hxg6 43. Bf4 Rb4 44. Ng3 Rb2 45. h4 Ke6 46. Nf1 Rb4 47. Ng3 Rb2 48. Kh2 Ra2 49. Kh3 Rb2 50. Bh6 Ra2 51. Nf1 Ra4 52. Nd2 Ra3+ 53. g3 f5 54. e5 Ra2 55. Bf4 Ra3 56. h5 gxh5 57. Kh4 Ra8 58. Nf3 Kd5 59. Ng5 Rh8 60. e6 Rh6 61. e7 Rh8 62. Be5 Rg8 63. Bf6 Kc6 64. Ne6 1-0